| 000 | 01803cam a2200385 a 4500 | ||
|---|---|---|---|
| 001 | 15423586 | ||
| 005 | 20090901073353.0 | ||
| 008 | 080822s2009 dcua | b i001 0deng d | ||
| 010 | _a 2008037292 | ||
| 020 | _a9780821377307 | ||
| 020 | _a0821377302 | ||
| 020 | _a9780821377314 (electronic) | ||
| 020 | _a0821377310 (electronic) | ||
| 035 | _a(OCoLC)ocn244476597 | ||
| 035 | _a(OCoLC)244476597 | ||
| 040 |
_aDLC _cDLC _dYDXCP _dBTCTA _dC#P _dBWX _dCDX _dDLC |
||
| 043 | _af------ | ||
| 050 | 0 | 0 |
_aHD4338 _b.A77 2009 |
| 082 | 0 | 0 |
_a658.15224 _222 _bATT |
| 245 | 0 | 0 |
_aAttracting Investors to African Public-Private Partnerships : _bA Project Preparation Guide/ |
| 260 |
_aWashington, DC : _bWorld Bank ; _a[Tunisia] : _bInfrastructure Consortium for Africa ; _a[Washington, D.C.] : _bPublic-Private Infrastructure Advisory Facility, _cc2009. |
||
| 300 |
_axii, 111 p. : _bcol. ill. ; _c23 cm. |
||
| 504 | _aIncludes bibliographical references (p. 103-104) and index. | ||
| 650 | 0 |
_aPublic works _zAfrica _xFinance. _922622 |
|
| 650 | 0 |
_aInfrastructure (Economics) _zAfrica. _922623 |
|
| 650 | 0 |
_aPublic-private sector cooperation _zAfrica. _922624 |
|
| 650 | 0 |
_aInvestments, Foreign _zAfrica. _922625 |
|
| 710 | 2 |
_aWorld Bank. _922626 |
|
| 710 | 2 |
_aInfrastructure Consortium for Africa. _922627 |
|
| 710 | 2 |
_aPublic-Private Infrastructure Advisory Facility. _922628 |
|
| 856 | 4 | 1 |
_3Table of contents only _uhttp://www.loc.gov/catdir/toc/ecip0826/2008037292.html |
| 942 |
_2ddc _cBB |
||
| 999 |
_c15025 _d15025 |
||